000 00682nam a2200277Ia 4500
005 20260324112346.0
008 008 260324s9999 xx 000 0 eng d
020 _a9781003476573
037 _aEBOOK
040 _aCRL
040 _beng
040 _cCRL
041 _2eng
041 _aeng
084 _qCRL
100 _aLuis Cláudio Figueiredo; Marina F R Ribeiro; Gina Tamburrino
_91142364
245 0 _aReading Bion’s Transformations
260 _bTaylor and Francis
260 _c2024
365 _a
365 _b220
856 _uhttp://www.taylorfrancis.com/books/9781003476573
942 _cEBOOK
999 _c1731536
_d1731536